Non-domestic energy performance certificate register (Record no. 120661)

MARC details
000 -LEADER
fixed length control field 00910cai a22001935a 4500
001 - CONTROL NUMBER
control field L143403
008 - FIXED-LENGTH DATA ELEMENTS--GENERAL INFORMATION
fixed length control field 080506u xxk g 000 0 eng d
035 ## - SYSTEM CONTROL NUMBER
System control number (Sirsi) u143403
041 0# - LANGUAGE CODE
Language code of text/sound track or separate title eng
110 2# - MAIN ENTRY--CORPORATE NAME
Corporate name or jurisdiction name as entry element Landmark Information Group
9 (RLIN) 4113
245 00 - TITLE STATEMENT
Title Non-domestic energy performance certificate register
Medium [electronic resource]
520 ## - SUMMARY, ETC.
Summary, etc. This website enables users to find an accredited energy assessor to undertake a Non-Domestic Energy Performance Certificate (EPC), Recommendation Report (RR), Display Energy Certificate or Advisory Report. Users can also retrieve EPCs and RRs.
590 ## - LOCAL NOTE (RLIN)
Local note KA
650 24 - SUBJECT ADDED ENTRY--TOPICAL TERM
Topical term or geographic name entry element COMMERCIAL ENERGY PERFORMANCE CERTIFICATES
651 #4 - SUBJECT ADDED ENTRY--GEOGRAPHIC NAME
Geographic name England and Wales
Chronological subdivision 1543-
690 ## - LOCAL SUBJECT ADDED ENTRY--TOPICAL TERM (OCLC, RLIN)
Topical term or geographic name as entry element ENVIRONMENTAL AND LAND CONSULTANCY-ENERGY-ENERGY USE-ENERGY EFFICIENCY
856 40 - ELECTRONIC LOCATION AND ACCESS
Uniform Resource Identifier <a href="https://www.ndepcregister.com">https://www.ndepcregister.com</a>
Public note View the website free of charge at www.ndepcregister.com...
942 ## - ADDED ENTRY ELEMENTS (KOHA)
Suppress in OPAC 0
Holdings
Withdrawn status Lost status Source of classification or shelving scheme Damaged status Not for loan Home library Current library Shelving location Date acquired Total Checkouts Full call number Barcode Date last seen Copy number Price effective from Koha item type
    Dewey Decimal Classification     Virtual Virtual Online 06/05/2008   WEB SITE 143403-2001 06/08/2019 1 06/08/2019 Online material